| 000 | 00522nam a2200217Ia 4500 | ||
|---|---|---|---|
| 008 | 200601s9999 xx 000 0 und d | ||
| 020 | _a86288506X | ||
| 050 | _aREF BF 312 | ||
| 050 | _b.F67 2004 | ||
| 100 | _aForty, Jo. | ||
| 245 | 0 | _aMythology : | |
| 245 | 2 | _ba visual encyclopiedia / | |
| 245 | 0 | _cJo Forty. | |
| 260 | _aLondon : | ||
| 260 | _bPrc Pub. Ltd., | ||
| 260 | _c1999 | ||
| 300 | _a512 pages : | ||
| 300 | _bcolor illustrations ; | ||
| 300 | _c31 cm. | ||
| 650 | _aMythology -- Encyclopedias. | ||
| 999 |
_c363276 _d363276 |
||